000 00386nam a22001577a 4500
020 _a0-09-969720-3
082 _a823
_bMCK/E
100 _aMCKEE,DAVID
245 _aELMER
_bPICTURE BOOK
246 _aELMER
_bPICTURE BOOK
260 _aLONDON
_bRANDOM HOUSE CHILDREN'S BOOKS
_c1990
300 _a19
520 _aA REX FOX PICTURE BOOK
650 _aA REX FOX PICTURE BOOK
942 _cBK
999 _c2257
_d2257